=LDR 00000nam 2200000 4500 =001 INLIS000000000008153 =005 20130612100048 =008 ***********************************Ind** =035 ##$$0010-061300000008153 =041 ##$$a Ind =082 ##$$a 2x5.2 =090 ##$$a 2x5.2, Bak p =100 ##$$a Bakhtiar, Haleh =245 ##$$a Perjalanan menuju Tuhan, dari macam-macam hingga karya besar dunia Sufi, Haleh Bakhtiar =260 ##$$a 2001 $b Bandung =300 ##$$a 158 hlm, ilus, 25 cm =650 ##$$a Tasawuf